[Kertaskerja - kertaskerja Persidangan pendidikan nasional Ke-3 diadakan pada 7 - 8 April 2015 di Hotel Istana, Kuala Lumpur ]

Bibliographic Details
Corporate Authors: Persidangan pendidikan nasional, ASIAN WORLD SUMMIT
Format: Book
Language:English
Subjects:

MARC

LEADER 00000cam a2200000 7i4500
001 0000027462
005 20241118.0
008 170317 my a eng
040 |a INS   |b eng   |c INS   |e rda 
090 0 0 |a S336 
110 2 |a Persidangan pendidikan nasional   |n 3   |k 2015   |c Hotel Istana, Kuala Lumpur 
245 1 0 |a [Kertaskerja - kertaskerja Persidangan pendidikan nasional Ke-3 diadakan pada 7 - 8 April 2015 di Hotel Istana, Kuala Lumpur ] 
264 0 |a Bangi :   |b Institut Penilaian Negara   |c 2015 
300 |a 1 volume (various pagings) :   |b illustration ;   |c 30 cm. 
336 |a text  |2 rdacontent 
337 |a unmediated  |2 rdamedia 
338 |a volume  |2 rdacarrier 
500 |a Anjuran ASIAN WORLD SUMMIT 
650 0 |a Education   |z Malaysia   |v Congresses. 
710 1 |a ASIAN WORLD SUMMIT 
999 |a S000000918   |b BOOK   |c Seminar   |e Default branch